[Event "Moscow Grand Prix 2017"]
[Site "Moscow RUS"]
[Date "2017.05.18"]
[Round "6.4"]
[White "Nakamura,Hi"]
[Black "Nepomniachtchi,I"]
[Result "1-0"]
[WhiteElo "2786"]
[BlackElo "2751"]

1.e4 c5 2.Nf3 d6 3.d4 cxd4 4.Nxd4 Nf6 5.Nc3 a6 6.Bg5 e6 7.f4 Qb6 8.a3 Nc6
9.Nb3 Be7 10.Qd2 O-O 11.O-O-O Rd8 12.Bd3 h6 13.h4 Bd7 14.Qe2 Kf8 15.e5 dxe5
16.fxe5 hxg5 17.exf6 Bxf6 18.hxg5 Bxg5+ 19.Kb1 Qe3 20.Qh5 Bh6 21.Rhf1 Be8
22.Rde1 Qg5 23.Qh3 Ne5 24.Nc5 Kg8 25.Nxe6 fxe6 26.Qxe6+ Nf7 27.Bg6 Kh8 28.Bxf7 Bxf7
29.Qxf7 Qxg2 30.Rg1 Qd2 31.Rd1 Qf4 32.Qxb7 Rdb8 33.Qe4 Qf8 34.Rg6 Ra7 35.Qd4  1-0

[Event "Moscow Grand Prix 2017"]
[Site "Moscow RUS"]
[Date "2017.05.20"]
[Round "8.3"]
[White "Grischuk,A"]
[Black "Nakamura,Hi"]
[Result "1/2-1/2"]
[WhiteElo "2750"]
[BlackElo "2786"]

1.d4 Nf6 2.c4 e6 3.g3 d5 4.Bg2 Bb4+ 5.Nd2 O-O 6.Nf3 dxc4 7.a3 Bxd2+ 8.Bxd2 Nc6
9.e3 Rb8 10.O-O b5 11.b3 cxb3 12.Qxb3 Bb7 13.Rfc1 Ne7 14.Bb4 Re8 15.Ne5 Nd7
16.Bxe7 Rxe7 17.Nc6 Bxc6 18.Rxc6 Nf6 19.Ra6 c5 20.dxc5 Qc8 21.Rc6 Rc7 22.Rxc7 Qxc7
23.c6 a5 24.Rc1 h6  1/2-1/2

[Event "Moscow Grand Prix 2017"]
[Site "Moscow RUS"]
[Date "2017.05.21"]
[Round "9.3"]
[White "Nakamura,Hi"]
[Black "Svidler,P"]
[Result "1/2-1/2"]
[WhiteElo "2786"]
[BlackElo "2755"]

1.d4 Nf6 2.c4 g6 3.Nf3 Bg7 4.e3 O-O 5.Be2 c5 6.d5 d6 7.Nc3 e6 8.O-O Re8 9.e4 exd5
10.exd5 Ne4 11.Nxe4 Rxe4 12.Bd3 Re8 13.Bg5 Bf6 14.Qd2 Nd7 15.Rfe1 Ne5 16.h4 Nxf3+
17.gxf3 Bd7 18.Rxe8+ Bxe8 19.Qf4 Bxg5 20.hxg5 h6 21.gxh6 Qe7 22.a3 a5 23.Rc1 Bd7
24.Rc3 Re8 25.Kg2 Qd8 26.Rb3 Bc8 27.Bc2 Re5 28.Re3 Rh5 29.Ba4 Bd7 30.Bxd7 Qxd7
31.Kf1 Qd8 32.Ke2 Rh4 33.h7+ Kg7 34.h8=B+ Rxh8 35.Re4  1/2-1/2

[Event "5th Norway Blitz 2017"]
[Site "Stavanger NOR"]
[Date "2017.06.05"]
[Round "1.1"]
[White "Carlsen,M"]
[Black "Nakamura,Hi"]
[Result "1/2-1/2"]
[WhiteElo "2832"]
[BlackElo "2785"]

1.Nc3 d5 2.d4 Nf6 3.Bf4 a6 4.e3 Bf5 5.Bd3 Bxd3 6.cxd3 e6 7.Nf3 Bd6 8.Bg5 Nbd7
9.O-O h6 10.Bh4 O-O 11.e4 Be7 12.Qb3 Nb6 13.Rac1 c6 14.Rfe1 Rc8 15.h3 Nfd7
16.Bg3 Re8 17.a3 Bf8 18.Qa2 Nf6 19.b4 Ra8 20.Qb2 Nh5 21.Bh2 Nf6 22.Red1 Qe7
23.Nd2 Rec8 24.Nb3 Nfd7 25.Re1 Qd8 26.Nc5 Ra7 27.a4 Nxc5 28.dxc5 Nd7 29.exd5 exd5
30.d4 b6 31.b5 axb5 32.axb5 bxc5 33.bxc6 Rxc6 34.Nxd5 Rg6 35.Qb5 Ra5 36.Qb7 Ra2
37.Bc7 Qa8 38.Qxa8 Rxa8 39.Ne7+ Bxe7 40.Rxe7 Nf6 41.dxc5 Nd5 42.Rd7 Rc6 43.Rxd5 Rxc7
44.c6 Rac8 45.Rdc5 Kf8 46.Kh2 Ke7 47.R5c3 Kd6 48.Rg3 g5 49.Rf3 Ke7 50.Rfc3 Kd6
51.Kg3 f5 52.h4 Rxc6 53.Rxc6+ Rxc6 54.Rxc6+ Kxc6 55.hxg5 hxg5 56.f4 g4 57.Kh4 Kd5
58.Kg5 Ke4 59.g3 Kf3 60.Kxf5 Kxg3 61.Ke5 Kh2 62.f5 g3 63.f6 g2 64.f7 g1=Q
65.f8=Q Qg3+ 66.Qf4 Qxf4+ 67.Kxf4  1/2-1/2

[Event "5th Norway Blitz 2017"]
[Site "Stavanger NOR"]
[Date "2017.06.05"]
[Round "2.4"]
[White "Nakamura,Hi"]
[Black "Aronian,L"]
[Result "1/2-1/2"]
[WhiteElo "2785"]
[BlackElo "2793"]

1.e4 e5 2.Nf3 Nc6 3.Bb5 a6 4.Ba4 Nf6 5.O-O Be7 6.Re1 b5 7.Bb3 O-O 8.a4 b4
9.d4 d6 10.dxe5 dxe5 11.Qxd8 Rxd8 12.h3 Na5 13.Ba2 Nd7 14.Bg5 Kf8 15.Nbd2 f6
16.Be3 Nb6 17.Bxb6 cxb6 18.Bd5 Ra7 19.Nb3 Rc7 20.Nxa5 bxa5 21.Rec1 Bd7 22.Nd2 Rdc8
23.b3 Rxc2 24.Nc4 Rc3 25.Rxc3 bxc3 26.Nb6 Rd8 27.Rc1 Bb4 28.Nxd7+ Rxd7 29.Kf1 f5
30.f3 fxe4 31.fxe4 Rd6 32.Ke2 Rf6 33.Bc4 Ke7 34.Bd3 Rg6 35.g4 Rh6 36.Rh1 g5
37.Bc2 Kd6 38.Rd1+ Kc6 39.Rd3 Rd6 40.Rxd6+ Bxd6 41.Kd3  1/2-1/2

[Event "5th Norway Blitz 2017"]
[Site "Stavanger NOR"]
[Date "2017.06.05"]
[Round "3.2"]
[White "Karjakin,Sergey"]
[Black "Nakamura,Hi"]
[Result "1-0"]
[WhiteElo "2781"]
[BlackElo "2785"]

1.d4 Nf6 2.Bf4 d5 3.e3 c5 4.c3 e6 5.Nf3 Nc6 6.Nbd2 cxd4 7.exd4 Nh5 8.Bg5 f6
9.Be3 Bd6 10.Bb5 O-O 11.O-O a6 12.Ba4 Bd7 13.Ne1 Nf4 14.g3 Nh3+ 15.Kg2 e5
16.Bb3 Ne7 17.dxe5 fxe5 18.Ne4 Be6 19.Nd3 Bc7 20.Nec5 Bc8 21.Nb4 Kh8 22.Nxd5 Nf5
23.Ne4 b6 24.Nxc7 Qxc7 25.Bd5 Rb8 26.c4 Qe7 27.Qb3 Nd4 28.Bxd4 exd4 29.Qa3 Qd8
30.Rae1 Bf5 31.f4 b5 32.Qd3 bxc4 33.Qxd4 c3 34.bxc3 Rb2+ 35.Nd2 Qf6 36.Re2 Bg4
37.Qxf6 gxf6 38.Bf3 Bd7 39.Ne4 Rb6 40.Rd1 Rg8 41.Rxd7 Nxf4+ 42.Kf2 Nxe2 43.Bxe2 f5
44.Nc5 Rb2 45.a4 Rc8 46.Ne6 Ra2 47.c4 Rxa4 48.c5 Re4 49.Rd6 a5 50.c6 Kg8
51.c7 Kf7 52.Rd8  1-0

[Event "5th Norway Blitz 2017"]
[Site "Stavanger NOR"]
[Date "2017.06.05"]
[Round "4.3"]
[White "Nakamura,Hi"]
[Black "Vachier Lagrave,M"]
[Result "1/2-1/2"]
[WhiteElo "2785"]
[BlackElo "2796"]

1.d4 Nf6 2.c4 g6 3.Nf3 Bg7 4.e3 b6 5.Be2 Bb7 6.O-O O-O 7.Nc3 e6 8.Qc2 d5
9.cxd5 Nxd5 10.Bd2 Nd7 11.Nxd5 Bxd5 12.Rfd1 c5 13.e4 Bb7 14.Bg5 Qc8 15.d5 exd5
16.exd5 Re8 17.d6 Qc6 18.Bc4 Qe4 19.Qxe4 Rxe4 20.Bb5 Nf6 21.d7 Rd8 22.Rd6 Re6
23.Rxe6 fxe6 24.Ne5 h6 25.Be3 a6 26.Bc4 Nd5 27.Nxg6 Rxd7 28.Nf4 Kf7 29.Nxd5 exd5
30.Be2 d4 31.Bd2 d3 32.Bh5+ Kf8 33.Re1 Re7 34.Rd1 Re5 35.Bg4 h5 36.Bh3 c4
37.g3 Bf3 38.Rc1 b5 39.Bf1 Kf7 40.b3 Re4 41.bxc4 bxc4 42.Ba5 Bh6 43.Rb1 d2
44.Bg2 Bxg2 45.Kxg2 Rd4 46.Rd1 Rd3 47.f4 c3 48.Bxc3 Rxc3 49.Rxd2 Bf8 50.Kh3 Be7
51.Rd5 h4 52.Ra5 hxg3 53.hxg3 Ra3 54.Rxa3 Bxa3 55.g4 Bd6 56.Kg3 Ke6 57.Kf3 a5
58.Ke4 Bc7 59.g5 Bd8 60.a4 Be7 61.f5+ Kf7 62.f6 Bxf6 63.gxf6  1/2-1/2

[Event "5th Norway Blitz 2017"]
[Site "Stavanger NOR"]
[Date "2017.06.05"]
[Round "5.3"]
[White "Kramnik,V"]
[Black "Nakamura,Hi"]
[Result "1/2-1/2"]
[WhiteElo "2808"]
[BlackElo "2785"]

1.e4 c5 2.Nf3 d6 3.d4 cxd4 4.Nxd4 Nf6 5.Nc3 g6 6.Be3 Bg7 7.f3 a6 8.Qd2 b5
9.a4 b4 10.Nd5 Nxd5 11.exd5 Bb7 12.Bc4 Nd7 13.a5 Nf6 14.Ne2 O-O 15.Ra4 Rc8
16.b3 Rc5 17.Rxb4 Rxd5 18.Bxd5 Bxd5 19.Rb6 Qc8 20.O-O Bb7 21.c4 Nd7 22.Rc1 Nxb6
23.axb6 h5 24.b4 h4 25.h3 Qe6 26.Bd4 Rc8 27.Bxg7 Kxg7 28.c5 Qf6 29.Rc3 dxc5
30.bxc5 e5 31.Qe3 a5 32.Ra3 Ra8 33.Nc3 Bc6 34.Ne4 Qe6 35.Nd6 a4 36.Ra1 Qd5
37.Qc3 Qd4+ 38.Qxd4 exd4 39.Kf2 Kf6 40.Re1 a3 41.Ra1 Ke6 42.b7 Bxb7 43.Nxb7 Kd5
44.Ke2 Rb8 45.Nd6 Rb2+ 46.Kd3 a2 47.Ne4 f5 48.Nd2 Kxc5 49.f4 Kd5 50.Nf3 Rxg2
51.Nxh4 Rg3+ 52.Kd2 Ke4 53.Rxa2 Rxh3 54.Ng2 Kf3 55.Kd3 Rg3 56.Ne1+ Kxf4+
57.Kxd4 Rg1 58.Nd3+ Kg3 59.Ke5 Rd1 60.Ra3 Rf1 61.Nf4+ Rf3  1/2-1/2

[Event "5th Norway Blitz 2017"]
[Site "Stavanger NOR"]
[Date "2017.06.05"]
[Round "6.5"]
[White "Nakamura,Hi"]
[Black "Caruana,F"]
[Result "1-0"]
[WhiteElo "2785"]
[BlackElo "2808"]

1.Nf3 d5 2.e3 g6 3.c4 c6 4.d4 Bg7 5.Nbd2 Nf6 6.Bd3 O-O 7.O-O Nbd7 8.b3 b6
9.a4 a5 10.e4 dxe4 11.Nxe4 Bb7 12.Bb2 c5 13.Re1 Rc8 14.Qe2 cxd4 15.Bxd4 Nc5
16.Bxc5 bxc5 17.Rad1 Qb6 18.Qc2 Rfd8 19.Nxf6+ Bxf6 20.Nd2 Bd4 21.Be4 Rc7
22.Nf3 Rcd7 23.Bxb7 Qxb7 24.Rd2 e5 25.Rde2 f6 26.Rd2 Rd6 27.Rde2 Rb6 28.Nd2 Kg7
29.Kf1 Qb8 30.g3 f5 31.f3 Qb7 32.Kg2 h5 33.h3 Rbd6 34.Rf1 Qb4 35.Nb1 Rb6
36.Nd2 Rbd6 37.g4 Kf6 38.Nb1 Ba1 39.Rfe1 Rd3 40.Qc1 hxg4 41.hxg4 fxg4 42.Re3 gxf3+
43.Kxf3 Qxb3 44.Nd2 Qxa4 45.Ne4+ Kg7 46.Qxa1 Rxe3+ 47.Kxe3 Qb3+ 48.Kf2 Rf8+
49.Kg1 Rf5 50.Qd1 Qxc4 51.Qd7+ Rf7 52.Qd2 Qd4+ 53.Kg2 a4 54.Qe2 a3 55.Rd1 Qb2
56.Rd2 Qb3 57.Nxc5 Qb4 58.Qxe5+ Kh7 59.Ne4 Qb7  1-0

[Event "5th Norway Blitz 2017"]
[Site "Stavanger NOR"]
[Date "2017.06.05"]
[Round "7.5"]
[White "So,W"]
[Black "Nakamura,Hi"]
[Result "0-1"]
[WhiteElo "2812"]
[BlackElo "2785"]

1.c4 Nf6 2.g3 g6 3.Bg2 Bg7 4.d4 O-O 5.Nc3 c5 6.d5 d6 7.Nf3 e6 8.O-O exd5
9.cxd5 a6 10.a4 Re8 11.Nd2 Nbd7 12.h3 Rb8 13.Nc4 Ne5 14.Na3 Nh5 15.e4 Bd7
16.g4 Nf6 17.g5 Nh5 18.f4 b5 19.fxe5 b4 20.Nc4 bxc3 21.bxc3 Bxe5 22.Qf3 f5
23.gxf6 Qxf6 24.Nxe5 Qxe5 25.Qf7+ Kh8 26.Qxd7 Re7 27.Qg4 Qxc3 28.Ra3 Qd4+
29.Be3 Qb2 30.Bg5 Qd4+ 31.Kh1 Ree8 32.Qxh5 gxh5 33.Bf6+ Qxf6 34.Rxf6 Rg8
35.Ra2 Rg6 36.Rxg6 hxg6 37.a5 Rb1+ 38.Kh2 Kg7 39.Bf3 c4 40.Rc2 Rb3 41.Be2 c3
42.Bxa6 Kf6 43.Bc4 Ra3 44.a6 Ke5 45.Kg3 Kxe4 46.Kh4 Kd4 47.Bf1 Kxd5 48.Kg5 Ke4
49.Kxg6 d5 50.Kxh5 d4 51.Rg2 Ke3 52.Bc4 Ra4 53.Ra2 Rxc4 54.a7 Rc8 55.a8=Q Rxa8
56.Rxa8 c2 57.Rc8 d3 58.Kg5 Kd2 59.h4 c1=Q 60.Rxc1 Kxc1  0-1

[Event "5th Norway Blitz 2017"]
[Site "Stavanger NOR"]
[Date "2017.06.05"]
[Round "8.4"]
[White "Giri,A"]
[Black "Nakamura,Hi"]
[Result "0-1"]
[WhiteElo "2771"]
[BlackElo "2785"]

1.Nf3 d5 2.g3 g6 3.Bg2 Bg7 4.d4 Nd7 5.O-O Ngf6 6.a4 a5 7.c4 dxc4 8.Qc2 Nb6
9.e4 O-O 10.Rd1 Bg4 11.Nbd2 Qc8 12.b3 c5 13.dxc5 Nfd7 14.cxb6 Bxa1 15.Nxc4 Ne5
16.Nfxe5 Bxd1 17.Qxd1 Rd8 18.Qe1 Bxe5 19.Nxe5 Qc2 20.Bf3 Qxb3 21.Be3 Qxa4
22.Kg2 Qb4 23.Qa1 Rac8 24.Qa2 e6 25.Ng4 h5 26.Nf6+ Kg7 27.e5 Rc3 28.Bd2 Qb3
29.Qxb3 Rxb3 30.Bxa5 Ra8 31.Bd2 Ra2 32.Bg5 Rxb6 33.g4 hxg4 34.Nxg4 Rb4 35.Bh6+ Kg8
36.Nf6+ Kh8 37.Be4 Rb5 38.Bf4 Rb4 39.h4 b5 40.Be3 Rc4 41.Kg3 b4 42.h5 gxh5
43.Kh4 b3 44.Kxh5 b2 45.Bh7 Ra1  0-1

[Event "5th Norway Blitz 2017"]
[Site "Stavanger NOR"]
[Date "2017.06.05"]
[Round "9.4"]
[White "Nakamura,Hi"]
[Black "Anand,V"]
[Result "1/2-1/2"]
[WhiteElo "2785"]
[BlackElo "2786"]

1.Nf3 d5 2.g3 c5 3.Bg2 Nc6 4.d4 cxd4 5.Nxd4 e5 6.Nxc6 bxc6 7.c4 Nf6 8.Nc3 Rb8
9.O-O Be6 10.Qa4 Qd7 11.cxd5 cxd5 12.Qxd7+ Kxd7 13.Rd1 d4 14.e3 Bc5 15.Na4 Bb6
16.Nxb6+ Rxb6 17.exd4 e4 18.d5 Bg4 19.Rd4 Rc8 20.Bg5 Rxb2 21.Bxf6 gxf6 22.Bxe4 h5
23.Ra4 Rc7 24.Kg2 f5 25.Bd3 Rc3 26.Rxa7+ Kd6 27.h3 Rxd3 28.hxg4 hxg4 29.a4 Rf3
30.Rf1 Ra2 31.a5 Kxd5 32.Rxf7 Rxa5  1/2-1/2

[Event "5th Norway Chess 2017"]
[Site "Stavanger NOR"]
[Date "2017.06.06"]
[Round "1.5"]
[White "Nakamura,Hi"]
[Black "Giri,A"]
[Result "1-0"]
[WhiteElo "2785"]
[BlackElo "2771"]

1.d4 Nf6 2.c4 g6 3.Nc3 d5 4.Bg5 Ne4 5.Bh4 Nxc3 6.bxc3 dxc4 7.e3 Be6 8.Qb1 b6
9.Nh3 Bh6 10.Bg5 Bxg5 11.Nxg5 Qd5 12.Nxe6 Qxe6 13.Qb4 Qd5 14.Qxc4 Qxc4 15.Bxc4 e6
16.Be2 Nd7 17.a4 Ke7 18.a5 c6 19.Kd2 b5 20.Rab1 Rab8 21.Rb2 f5 22.Rhb1 Kd6
23.f3 e5 24.c4 exd4 25.cxb5 cxb5 26.Bxb5 dxe3+ 27.Kxe3 Nf6 28.Bc4 Rxb2 29.Rxb2 Re8+
30.Kd4 Re7 31.Rb8 Rd7 32.Rc8 Rb7 33.a6 Rb4 34.Kc3 Ra4 35.Kb3 Nd7 36.Bb5 Ra5
37.Kb4 Ra1 38.Rd8 Rb1+ 39.Ka5 Ra1+ 40.Kb4 Rb1+ 41.Ka4 Ra1+ 42.Kb3 Rb1+ 43.Kc4 Rc1+
44.Kd3 Rc7 45.Kd4 Ke7 46.Ra8 Kd6 47.h4 Ke7 48.Bxd7 Rxd7+ 49.Ke5 Kf7 50.Rb8 Re7+
51.Kd5 Kf6 52.Rb7 Re5+ 53.Kd4 Ra5 54.Rxa7 f4 55.Kc4 Ra2 56.Kc5 h5 57.Ra8 Rc2+
58.Kb6 Rb2+ 59.Kc5 Rc2+ 60.Kb6 Rb2+ 61.Ka7 Rxg2 62.Rb8 Rf2 63.Rb6+ Kg7 64.Kb7 Rxf3
65.a7 Ra3 66.Ra6 Rb3+ 67.Kc6  1-0

[Event "5th Norway Chess 2017"]
[Site "Stavanger NOR"]
[Date "2017.06.07"]
[Round "2.2"]
[White "Nakamura,Hi"]
[Black "Aronian,L"]
[Result "1/2-1/2"]
[WhiteElo "2785"]
[BlackElo "2793"]

1.d4 Nf6 2.c4 e6 3.Nf3 d5 4.Nc3 Bb4 5.cxd5 exd5 6.Bg5 O-O 7.e3 Bf5 8.Qb3 Bxc3+
9.Qxc3 h6 10.Bxf6 Qxf6 11.Bd3 c6 12.Bxf5 Qxf5 13.Qb3 Qc8 14.O-O Nd7 15.Rfe1 Qc7
16.Rac1 Qb6 17.Qc2 Rfe8 18.a3 a5 19.b3 Qc7 20.Nd2 Qd6 21.Qb2 Re6 22.f3 f5
23.Re2 Rae8 24.Rce1 Nf6 25.b4 axb4 26.axb4 Nh5 27.Qc3 Nf4 28.Rf2 h5 29.Nf1 h4
30.Rc1 Nh5 31.b5 f4 32.e4 dxe4 33.fxe4 Rxe4 34.bxc6 bxc6 35.Qxc6 Qxd4 36.Qc5 Nf6
37.Qxd4 Rxd4 38.g3 hxg3 39.hxg3 Nh5 40.Rc3 Re1 41.Kg2 Kh7 42.gxf4 Nxf4+ 43.Kh2 Re6
44.Kh1 g5 45.Rc7+ Kg6 46.Rfc2 Kh5 47.Rh7+ Kg4 48.Rc1 Rd3 49.Ra1 Nh3 50.Ra4+ Kf5
51.Rf7+ Kg6 52.Rfa7 Nf2+ 53.Kg2 Ne4 54.R7a6 Nd6 55.Ra3 Re2+ 56.Kg1 Rd1 57.Ra1 Rxa1
58.Rxa1 Ne4 59.Ra3 Rb2 60.Ng3  1/2-1/2

[Event "5th Norway Chess 2017"]
[Site "Stavanger NOR"]
[Date "2017.06.08"]
[Round "3.1"]
[White "Carlsen,M"]
[Black "Nakamura,Hi"]
[Result "1/2-1/2"]
[WhiteElo "2832"]
[BlackElo "2785"]

1.e4 c5 2.Nf3 d6 3.d4 cxd4 4.Nxd4 Nf6 5.Nc3 a6 6.h3 g6 7.g3 Nc6 8.Be3 Bg7
9.Bg2 O-O 10.O-O Nd7 11.b3 Nxd4 12.Bxd4 Bxd4 13.Qxd4 b6 14.Nd5 Bb7 15.c4 e5
16.Qe3 b5 17.Rac1 bxc4 18.Rxc4 Bxd5 19.exd5 a5 20.Rfc1 Nc5 21.a3 f5 22.b4 axb4
23.axb4 Nd7 24.Rc6 f4 25.gxf4 exf4 26.Qe6+ Rf7 27.Qxd6 Qg5 28.Kh1 f3 29.Bf1 Nf6
30.Qe6 Kg7 31.Rc7 Rxc7 32.Rxc7+ Kh6 33.Qe1 Ra2 34.Re7 Ng4 35.hxg4 Qh4+ 36.Kg1 Qxg4+
37.Kh1 Qh4+ 38.Kg1 Qg4+ 39.Kh1 Qh4+ 40.Kg1 Qg4+  1/2-1/2

[Event "5th Norway Chess 2017"]
[Site "Stavanger NOR"]
[Date "2017.06.10"]
[Round "4.3"]
[White "Nakamura,Hi"]
[Black "Vachier Lagrave,M"]
[Result "1-0"]
[WhiteElo "2785"]
[BlackElo "2796"]

1.e4 c5 2.Nf3 d6 3.d4 cxd4 4.Nxd4 Nf6 5.Nc3 a6 6.Bd3 e5 7.Nde2 Be7 8.O-O O-O
9.Ng3 Be6 10.Nd5 Bxd5 11.exd5 g6 12.c4 Ne8 13.Bh6 Ng7 14.b4 Nd7 15.Rc1 a5
16.a3 axb4 17.axb4 Ra3 18.Ne4 f5 19.Nc3 e4 20.Be2 Bg5 21.Bxg5 Qxg5 22.c5 Ne5
23.c6 Nh5 24.Bxh5 gxh5 25.Kh1 Qh4 26.Qd4 Ng4 27.h3 f4 28.Kg1 e3 29.hxg4 hxg4
30.cxb7 exf2+ 31.Rxf2 g3 32.Rxf4 Qh2+ 33.Kf1  1-0

[Event "5th Norway Chess 2017"]
[Site "Stavanger NOR"]
[Date "2017.06.11"]
[Round "5.5"]
[White "Kramnik,V"]
[Black "Nakamura,Hi"]
[Result "1/2-1/2"]
[WhiteElo "2808"]
[BlackElo "2785"]

1.e4 c5 2.Nf3 d6 3.Nc3 Nf6 4.d4 cxd4 5.Qxd4 a6 6.e5 Nc6 7.Qa4 dxe5 8.Nxe5 Bd7
9.Nxd7 Qxd7 10.Bd2 g6 11.O-O-O Bg7 12.Bg5 Qg4 13.Bxf6 Qxa4 14.Nxa4 Bxf6 15.c3 e6
16.g3 Rc8 17.Bg2 Be7 18.Rd2 h5 19.Rhd1 h4 20.Nb6 Rc7 21.Na8 Rc8 22.Nb6 Rc7
23.f4 hxg3 24.hxg3 Rh5 25.Na8 Rc8 26.Rd7 Rh2 27.Be4 Re2 28.Bxc6 bxc6 29.Nc7+ Kf8
30.Rh1 Bf6 31.Nxa6 Ra8 32.Nb4 c5 33.Nd3 Rxa2 34.Kb1 Ra8 35.Nxc5 Rb8 36.Rb7 Rxb7
37.Nxb7 Rg2 38.Rh3 g5 39.fxg5 Bxg5 40.Nc5 Be7 41.Nd3 Bd6 42.Nf4 Rf2 43.Rh4 Ke7
44.Rg4 Rf1+ 45.Kc2 Rf2+ 46.Kb3 Rd2 47.Rg8 Rf2 48.Rg4 Rd2 49.Rg8 Rf2  1/2-1/2

[Event "5th Norway Chess 2017"]
[Site "Stavanger NOR"]
[Date "2017.06.12"]
[Round "6.2"]
[White "Nakamura,Hi"]
[Black "Karjakin,Sergey"]
[Result "1/2-1/2"]
[WhiteElo "2785"]
[BlackElo "2781"]

1.d4 Nf6 2.c4 e6 3.Nc3 Bb4 4.Qc2 d5 5.cxd5 Qxd5 6.e3 c5 7.Bd2 Bxc3 8.Bxc3 cxd4
9.Bxd4 Nc6 10.Bc3 O-O 11.Nf3 Rd8 12.Be2 Qe4 13.Rc1 Qxc2 14.Rxc2 Ne4 15.Ne5 Bd7
16.Nxc6 Bxc6 17.Ba5 Rdc8 18.f3 Nf6 19.Kf2 Bd5 20.Rxc8+ Rxc8 21.b3 Rc2 22.Ra1 e5
23.e4 Be6 24.Rd1 Nd7 25.Rd2 Rxd2 26.Bxd2 f6 27.Bb4 Nb8 28.Bd6 Nc6 29.Ke3 Kf7
30.h4 Ke8 31.g3 Kd7 32.Bf8 g6 33.g4 h5 34.gxh5 gxh5 35.f4 Bf7 36.Bb5 a6 37.Bf1 Ke8
38.Bc5 Kd7 39.f5 Ne7 40.Be2 Nc8 41.Bf8 Nd6 42.Kd3 a5 43.Bd1 b6 44.a3 Be8
45.b4 axb4 46.axb4 Bf7 47.Bxd6 Kxd6 48.Kc3 b5 49.Bb3 Bxb3 50.Kxb3 Kc6 51.Kc3 Kd6
52.Kb3 Kc6 53.Kc3 Kd6 54.Kb3  1/2-1/2

[Event "5th Norway Chess 2017"]
[Site "Stavanger NOR"]
[Date "2017.06.14"]
[Round "7.1"]
[White "Anand,V"]
[Black "Nakamura,Hi"]
[Result "1/2-1/2"]
[WhiteElo "2786"]
[BlackElo "2785"]

1.e4 e5 2.Nf3 Nc6 3.Bc4 Bc5 4.d3 Nf6 5.c3 d6 6.O-O a6 7.a4 O-O 8.Re1 Ba7
9.h3 Ne7 10.Nbd2 Ng6 11.Bb3 Be6 12.d4 Bxb3 13.Qxb3 Qd7 14.Nf1 exd4 15.cxd4 d5
16.e5 Ne4 17.N1d2 c5 18.Nxe4 dxe4 19.Rxe4 cxd4 20.e6 fxe6 21.Rxe6 Kh8 22.Bg5 Qf7
23.Qd5 Rae8 24.Rae1 h6 25.Bd2 d3 26.Rd6 Qxd5 27.Rxd5 Re2 28.Rxd3 Bxf2+ 29.Kf1 Rxe1+
30.Nxe1 Ne5 31.Rb3 Be3+ 32.Ke2 Bxd2 33.Kxd2 Rf2+ 34.Kc3 Re2 35.Nd3 Nxd3 36.Kxd3 Rxg2
37.Rxb7 Rg3+ 38.Kc4 Rxh3 39.Ra7 Rh4+ 40.Kb3 g5 41.a5 Rf4 42.Rxa6 Kg7 43.Ra7+ Kg6
44.Ra8 Kg7 45.Ra7+ Kg6 46.Ra8 Kg7  1/2-1/2

[Event "5th Norway Chess 2017"]
[Site "Stavanger NOR"]
[Date "2017.06.15"]
[Round "8.1"]
[White "Nakamura,Hi"]
[Black "So,W"]
[Result "1/2-1/2"]
[WhiteElo "2785"]
[BlackElo "2812"]

1.d4 Nf6 2.c4 e6 3.Nf3 d5 4.Nc3 Be7 5.Bg5 h6 6.Bh4 O-O 7.e3 Ne4 8.Bxe7 Qxe7
9.Rc1 c6 10.Bd3 Nxc3 11.Rxc3 dxc4 12.Rxc4 Nd7 13.Bc2 c5 14.dxc5 Nxc5 15.Qd4 b6
16.b4 Rd8 17.Qc3 Nd7 18.Be4 Ba6 19.Bxa8 Bxc4 20.Qxc4 Rxa8 21.O-O Qd6 22.Rc1 Ne5
23.Nxe5 Qxe5 24.Rd1 Qf6 25.Qc7 Qb2 26.Qb7 Rf8 27.Qxa7 Qxb4 28.g3 g6 29.h4 Qb2
30.Kg2 Qc2 31.Rd7 Qc6+ 32.Kg1 Qc1+ 33.Kg2 Qc6+ 34.Kg1 Qc1+ 35.Kg2 Qc6+  1/2-1/2

[Event "5th Norway Chess 2017"]
[Site "Stavanger NOR"]
[Date "2017.06.16"]
[Round "9.2"]
[White "Caruana,F"]
[Black "Nakamura,Hi"]
[Result "1-0"]
[WhiteElo "2808"]
[BlackElo "2785"]

1.e4 c5 2.Nf3 d6 3.d4 cxd4 4.Nxd4 Nf6 5.Nc3 a6 6.Bg5 e6 7.f4 Qb6 8.Qd3 Qxb2
9.Rb1 Qa3 10.f5 Be7 11.fxe6 fxe6 12.Be2 Qa5 13.Bd2 Qc7 14.g4 h6 15.Rg1 Bd7
16.g5 hxg5 17.Rxg5 Nc6 18.Rxg7 O-O-O 19.Ncb5 axb5 20.Nxb5 Ne5 21.Nxc7 Nxd3+
22.cxd3 Ng8 23.Na8 Kb8 24.Nb6 Bc6 25.Bf4 e5 26.Bg3 Bf6 27.Rf7 Be8 28.Rf8 Bg7
29.Rf2 Ne7 30.Bg4 Nc6 31.Rfb2 Nd4 32.Nd5 b5 33.a4 Bh6 34.axb5 Rg8 35.h3 Kb7
36.Ne7 Rf8 37.Nc6 Bxc6 38.bxc6+ Kxc6 39.Bf2 Rxf2 40.Kxf2 Rf8+ 41.Kg2 Be3
42.Rb8 Rxb8 43.Rxb8 d5 44.Rc8+ Kd6 45.Rd8+ Ke7 46.Rd7+ Kf6 47.exd5 e4 48.dxe4 Bf4
49.h4 Nb5 50.h5 Be5 51.Bf5 Kg5 52.Bg6 Nd6 53.Re7 Nc4 54.Re6 Bf6 55.d6 Ne5
56.Bf5 Nd3 57.Rxf6 Kxf6 58.d7 Ke7 59.h6  1-0

[Event "GCT Rapid Paris 2017"]
[Site "Paris FRA"]
[Date "2017.06.21"]
[Round "1.2"]
[White "Nakamura,Hi"]
[Black "Mamedyarov,S"]
[Result "1/2-1/2"]
[WhiteElo "2785"]
[BlackElo "2800"]

1.d4 Nf6 2.c4 g6 3.Nf3 Bg7 4.e3 O-O 5.Be2 c5 6.d5 d6 7.Nc3 e6 8.O-O Re8 9.e4 exd5
10.exd5 Bf5 11.Bd3 Ne4 12.Nxe4 Bxe4 13.Bxe4 Rxe4 14.Qd3 Re8 15.Bf4 Na6 16.a3 Nc7
17.Rae1 Qd7 18.b4 cxb4 19.axb4 b5 20.Nd4 Rxe1 21.Rxe1 Re8 22.Rxe8+ Qxe8 23.Nf3 Qa8
24.h3 Bf8 25.Bc1 bxc4 26.Qxc4 Nxd5 27.Bb2 Bg7 28.Bxg7 Kxg7 29.Ng5 h6 30.Ne4 Nf6
31.Nxd6 Qd5 32.Qc7 a6 33.Qb6 Qd1+ 34.Kh2 Qd2 35.Qc5 Nd7 36.Ne8+ Kg8 37.Qc8 Nf8
38.Nf6+ Kg7 39.Ne8+ Kg8 40.Qxa6 Qxb4 41.g3 Qd4 42.Qf6 Ne6 43.Qxd4 Nxd4 44.Nf6+ Kg7
45.Nd5 Kg8 46.Kg2 Kg7 47.Ne3 h5 48.g4 hxg4 49.hxg4 Kf6 50.f4 g5 51.fxg5+ Kxg5
52.Nc4 f5 53.gxf5 Nxf5 54.Kf3 Kf6 55.Ne3 Nxe3 56.Kxe3  1/2-1/2

[Event "GCT Rapid Paris 2017"]
[Site "Paris FRA"]
[Date "2017.06.21"]
[Round "2.3"]
[White "Nakamura,Hi"]
[Black "Karjakin,Sergey"]
[Result "1/2-1/2"]
[WhiteElo "2785"]
[BlackElo "2781"]

1.d4 Nf6 2.c4 e6 3.Nf3 b6 4.g3 Ba6 5.b3 Bb4+ 6.Bd2 Be7 7.Nc3 d5 8.cxd5 exd5
9.Bg2 O-O 10.O-O Re8 11.Ne5 Bb7 12.Qc2 Nbd7 13.Bf4 Nf8 14.Nb5 Ne6 15.Bh3 Nxf4
16.gxf4 c5 17.dxc5 bxc5 18.Bg2 a6 19.Nc3 Bd6 20.Na4 Qe7 21.Rac1 Bxe5 22.fxe5 Qxe5
23.h3 Qxe2 24.Qxe2 Rxe2 25.Nxc5 Bc8 26.Rfe1 Rxe1+ 27.Rxe1 Kf8 28.Re5 Ra7
29.Bxd5 Bxh3 30.Bc4 Bc8 31.b4 Nd7 32.Rh5 h6 33.Nxa6 Nb6 34.Bf1 f5 35.b5 Re7
36.Nb4 Re1 37.Kg2 Kf7 38.Bd3 Kf6 39.Bc2 Be6 40.a4 Nxa4 41.Rh4 Nb6 42.Rd4 Bc4
43.Bd3 Bxd3 44.Nxd3 Rd1 45.Rd6+ Ke7 46.Rxb6 Rxd3 47.Rg6 Kf7 48.Rc6 Rb3 49.b6 f4
50.f3 h5 51.Rd6 g5 52.Rc6 h4 53.Rc7+ Kg6 54.b7 h3+ 55.Kh2 g4 56.fxg4 Kg5
57.b8=Q Rxb8 58.Kxh3 Rb3+ 59.Kg2 Kxg4 60.Rg7+  1/2-1/2

[Event "GCT Rapid Paris 2017"]
[Site "Paris FRA"]
[Date "2017.06.21"]
[Round "3.1"]
[White "Caruana,F"]
[Black "Nakamura,Hi"]
[Result "0-1"]
[WhiteElo "2808"]
[BlackElo "2785"]

1.Nf3 d5 2.g3 g6 3.Bg2 Bg7 4.d4 Nd7 5.O-O Ngf6 6.c4 dxc4 7.Na3 Nb6 8.Nxc4 O-O
9.Na5 c6 10.b4 Nbd5 11.a3 c5 12.dxc5 Ne4 13.Ng5 Nec3 14.Qc2 b6 15.Nc6 Qd7
16.e4 Ba6 17.exd5 Bxf1 18.Kxf1 Nxd5 19.Bxd5 Bxa1 20.Bb2 e6 21.Bxa1 exd5 22.Ne5 Qe7
23.Ng4 f6 24.Bd4 bxc5 25.bxc5 Kg7 26.h4 h5 27.Ne3 Rad8 28.c6 Rd6 29.c7 Rc8
30.Nf5+ gxf5 31.Qxf5 Qxc7 32.Qh7+ Kf8 33.Qh8+ Ke7 34.Qh7+ Ke8 35.Qxh5+ Kd7
36.Nf3 Kc6 37.Qf5 Qd7 38.Qb1 Qg4 39.Kg2 Qe4 40.Qb2 Kd7 41.Bxf6 Rb6 42.Qd4 Rf8  0-1

[Event "GCT Rapid Paris 2017"]
[Site "Paris FRA"]
[Date "2017.06.22"]
[Round "4.2"]
[White "Nakamura,Hi"]
[Black "Bacrot,E"]
[Result "1-0"]
[WhiteElo "2785"]
[BlackElo "2708"]

1.Nf3 d5 2.g3 Nf6 3.Bg2 e6 4.O-O Be7 5.d3 b6 6.Nbd2 Bb7 7.e4 dxe4 8.dxe4 Nc6
9.a3 a5 10.e5 Nd7 11.Re1 Nc5 12.Qe2 O-O 13.h4 h6 14.Nf1 a4 15.N1h2 Qc8 16.Ng4 Rd8
17.Nxh6+ gxh6 18.Bxh6 f5 19.exf6 Bxf6 20.Ng5 Qd7 21.Qg4 Bg7 22.Rad1 Qe7 23.Rxd8+ Rxd8
24.Nxe6 Rd4 25.Qxg7+ Qxg7 26.Nxg7  1-0

[Event "GCT Rapid Paris 2017"]
[Site "Paris FRA"]
[Date "2017.06.23"]
[Round "7.5"]
[White "Vachier Lagrave,M"]
[Black "Nakamura,Hi"]
[Result "1-0"]
[WhiteElo "2796"]
[BlackElo "2785"]

1.e4 e5 2.Nf3 Nc6 3.Bc4 Bc5 4.c3 Nf6 5.d3 d6 6.O-O a6 7.a4 O-O 8.Re1 Ba7
9.h3 Ne7 10.d4 Ng6 11.Nbd2 Re8 12.Bb3 Be6 13.Bc2 h6 14.Nf1 exd4 15.cxd4 d5
16.e5 Ne4 17.N1d2 Bf5 18.Nxe4 dxe4 19.Bxe4 Bxe4 20.Rxe4 Qd5 21.Re1 Rad8 22.Be3 c5
23.dxc5 Bxc5 24.Bxc5 Qxc5 25.Qb3 Qd5 26.Qe3 f6 27.Rad1 Qxd1 28.Rxd1 Rxd1+
29.Kh2 Rd7 30.Qb3+ Kh7 31.exf6 gxf6 32.Nd4 Re5 33.Ne6 b5 34.axb5 Rxb5 35.Qc2 f5
36.Qc6 Rf7 37.Nd8 Re7 38.Qf6 a5 39.h4 f4 40.Ne6 Reb7 41.Nd4 R5b6 42.Qf5 Kg8
43.Ne6 Nxh4 44.Qg4+ Kh7 45.Nf8+ Kh8 46.Qxh4 Kg7 47.Nd7  1-0

[Event "GCT Blitz Paris 2017"]
[Site "Paris FRA"]
[Date "2017.06.24"]
[Round "1.5"]
[White "Vachier Lagrave,M"]
[Black "Nakamura,Hi"]
[Result "1/2-1/2"]
[WhiteElo "2796"]
[BlackElo "2785"]

1.e4 e5 2.Nf3 Nc6 3.Bb5 Nf6 4.O-O Nxe4 5.d4 Nd6 6.Bxc6 dxc6 7.dxe5 Nf5 8.Qxd8+ Kxd8
9.h3 Ke8 10.Nc3 h5 11.Rd1 Be7 12.Ne4 h4 13.b3 b6 14.Bb2 Rh5 15.Nh2 Bb7 16.Re1 Kf8
17.Rad1 c5 18.Rd7 Rc8 19.Ng4 Bc6 20.Rd3 Rd8 21.Rxd8+ Bxd8 22.e6 fxe6 23.Ne5 Be8
24.Nd3 Bc6 25.Ne5 Bxe4 26.Rxe4 Bf6 27.Ng6+ Kf7 28.Bxf6 gxf6 29.Nf4 Nd6 30.Ra4 Rf5
31.Nd3 c4 32.bxc4 Ra5 33.Rxa5 bxa5 34.Nb2 Ne4 35.Kf1 e5 36.Ke2 Nc3+ 37.Kd2 Ne4+
38.Ke3 Nd6 39.Kd3 f5 40.Na4 Ne4 41.Ke3 Ke6 42.f4 c6 43.Nb2 Nc3 44.a4 c5 45.fxe5 Kxe5
46.Nd3+ Kd6 47.Nb2 Ke5 48.Nd3+ Kd6 49.Nb2 Ke6 50.Kd3 Ne4 51.Ke3 Nc3 52.Kd3 Ne4
53.Ke3 Nc3  1/2-1/2